000 00466nam a2200193Ia 4500
003 OSt
005 20250819095811.0
008 250729s2006 xx 000 0 und d
020 _a978-8176489591
040 _cAL
041 _aeng
082 _a370.78 PRAS
100 _aSingh Yogish Kumar
_9221440
245 _aPsychology in education
260 _aNew Delhi
_bA P H Publishing
_c2006
300 _a227p
650 _aEducation
_9221441
942 _2ddc
_cBED
999 _c235012
_d235012